000
00297nam a22001457a 4500
008
210310b ||||| |||| 00| 0 eng d
020
_a
cha0123u
041
_a
eng
080
_2
4th
_a
541
082
_a
541
100
_a
12
101
_a
KIM
245
_a
Chemistry
_c
Chang,R
942
_2
udc
_c
BK
999
_c
56204
_d
56204